| 000 | 01607nam0a2200397 4500 | ||
|---|---|---|---|
| 001 | RU\NLR\BIBL_A\012506648 | ||
| 005 | 20221103111017.0 | ||
| 010 |
_a978-5-04-113933-9 _92000 |
||
| 021 |
_aRU _bКН-П-20-081921 _9КН-П-20-6213 |
||
| 035 | _a(NLR Aleph) 012506648 | ||
| 035 | _a(RuMoRGB)010517914 | ||
| 090 |
_a12254832 _c12254832 |
||
| 100 | _a20210420d2021 e y0rusy50 ca | ||
| 101 | 1 |
_arus _cund |
|
| 102 | _aRU | ||
| 105 | _aa z 000zb | ||
| 181 | 0 |
_ai _baxxe |
|
| 182 | 0 | _an | |
| 200 | 1 |
_aКлинт Иствуд _eпоследний ковбой _eбиография _fМарк Элиот _g[переводчик: Евгений Кручина] |
|
| 203 |
_aТекст _bвизуальный _cнепосредственный |
||
| 210 |
_aМосква _cБомбора™ _cЭксмо _d2021 [т. е. 2020] |
||
| 215 |
_a366, [2] с. _cил. _d24 |
||
| 225 | 1 | _aЛегенда! Актёры, изменившие кинематограф | |
| 300 | _aКн. фактически изд. в 2020 г. | ||
| 320 | _aБиблиогр. в подстроч. примеч. | ||
| 320 | _aФильмогр.: с. 348-359 | ||
| 333 | _a18+ | ||
| 517 | 1 | _aПоследний ковбой | |
| 600 | 1 |
_aИствуд _bК. _f1930 _gКлинт _xБиография _92476141 _3RU\NLR\AUTH\6601687044 |
|
| 686 | 1 | _aЩ374.3(7США)6-86Иствуд К.2,0 | |
| 700 | 1 |
_aЭлиот _bМ. _gМарк |
|
| 701 | 1 |
_4570 _7ca _8rus _aИствуд _bК. _f1930- _gКлинт _9248514 _3RU\NLR\AUTH\770248570 |
|
| 942 | _cBOOK | ||
| 980 | _aNB | ||